| 000 | 01207cam a22003375a 4500 | ||
|---|---|---|---|
| 999 |
_c12227 _d12227 |
||
| 001 | 865499 | ||
| 003 | EG-ScBUE | ||
| 005 | 20191204105226.0 | ||
| 008 | 800102t1980 nyu f 001 0 eng d | ||
| 020 | _a9780195027426 | ||
| 040 |
_aDLC _beng _erda _cEG-ScBUE _dEG-ScBUE |
||
| 082 | 0 | 4 |
_a407 _bMCC _222 |
| 100 | 1 |
_aMcCallum, George P, _eauthor. _97667 |
|
| 245 | 1 | 0 |
_a101 Word games : _bfor students of English as a second or foreign language / _cGeorge P. McCallum. |
| 246 | 3 |
_aOne hundred and one word games : _bfor students of English as a second or foreign language |
|
| 264 | 1 |
_aNew York ; _aOxford : _bOxford University Press, _c[1980] |
|
| 264 | 4 | _cc 1980 | |
| 300 |
_axiv, 162 pages ; _c21 cm |
||
| 336 |
_2rdacontent _atext _btxt |
||
| 337 |
_2rdamedia _aunmediated _bn |
||
| 338 |
_2rdacarrier _avolume _bnc |
||
| 500 | _aIncludes index. | ||
| 500 | _aIncludes appendix. | ||
| 590 | _anadeen magdy | ||
| 650 | 7 |
_aEnglish language _xStudy and teaching _xForeign speakers _xSimulation methods. _2BUEsh _97668 |
|
| 650 | 7 |
_aWord games. _2BUEsh _97670 |
|
| 650 | 7 |
_aSecond language acquisition. _2BUEsh _97669 |
|
| 653 |
_bHHUUEENN _cAugust2018 _cJuly2019 |
||
| 655 | _vReading book | ||
| 942 |
_2ddc _cBB |
||